000
00323nam a22001337a 4500
999
_c
8787
_d
8787
003
OSt
008
200710b ||||| |||| 00| 0 eng d
100
_a
Somani, Rakesh
245
_a
Experimental Medicinal Chemistry-1
260
_a
New Delhi
_b
Nirali
_c
2019
300
_a
70
650
_a
Medicinal Chemistry
942
_2
ddc
_c
BK